| 000 | 00402nam a2200157Ia 4500 | ||
|---|---|---|---|
| 008 | 151213s9999 xx 000 0 und d | ||
| 100 | _aObaidul Huq Chowdhury | ||
| 245 |
_aLaw on Contempt of Court _cObaidul Huq Chowdhury |
||
| 250 | _a3rd | ||
| 260 |
_aDhaka _bDLR Publication _c1990 |
||
| 300 | _a3248 p. | ||
| 650 | _aLaw | ||
| 650 | _aLaw | ||
| 700 | _aObaidul Huq Chowdhury | ||
| 999 |
_c2231 _d2231 |
||